00898cam a2200241 450000100060000000300080000600500170001400800410003103500200007204000440009204100080013608200220014410000290016624500490019526000320024430000270027649000730030350400410037665100610041794200120047899900170049095201490050725611BD-RjUL20211209050913.0140318s1965 nyu b 001 0 eng d a(BD-RjUL) 25681 aDLCcDLCdDLCdOCoLCdDLCdBD-RjULbeng aeng00a947.085bCOR 19651 aConquest, Robert.95336210aRussia after Khrushchev /cRobert Conquest,  aNew York :bPraeger,c1965. aviii, 267 p. ;c22 cm.0 aPraeger publications in Russian history and world communism, no. 164 aBibliographical footnotes. and Index 0aSoviet UnionxPolitics and governmenty1953-1985.910905 2ddccBK c25611d25611 00102ddc40728NFICaRUCLbRUCLcReadingd1967-08-28e106839fBook centrg34.02l0o947.085 COR 1965r2014-03-18 00:00:00tC-1w2014-03-18yBK